Fejlesztésekhez igénybe vett pályázati kiírások területei, pályázatok

Bibliográfiai részletek
Szerző: Kovács Zsanett
További közreműködők: Tasi Péter
Dokumentumtípus: Projektmunka
Kulcsszavak:Pályázat,
fejlesztés
projektmenedzsment
Online Access:http://dolgozattar.uni-bge.hu/11663

MARC

LEADER 00000nnm a2200000 i 4500
001 dolg11663
005 20170516121619.0
008 170516suuuu hu o 000 hun d
040 |a BGE Dolgozattár Repozitórium  |b hun 
041 |a hu 
100 1 |a Kovács Zsanett 
245 1 0 |a Fejlesztésekhez igénybe vett pályázati kiírások területei, pályázatok  |c Kovács Zsanett  |h [elektronikus dokumentum] 
516 |a Project_work 
695 |a Pályázat, 
695 |a fejlesztés 
695 |a projektmenedzsment 
700 1 |a Tasi Péter  |e ths 
856 4 0 |u http://dolgozattar.uni-bge.hu/11663/2/Image160517081717.pdf  |z Dokumentum-elérés 
856 4 0 |u http://dolgozattar.uni-bge.hu/11663/7/zarodoga_zsani_rotated.pdf  |z Dokumentum-elérés